Stati per produzione di Cobalto - Statistics

Statistiche generali
  • Questo quiz è stato fatto 7 volte
  • Il punteggio medio è 7 su 10
Statistiche sulle risposte
Produzione di carbone (mln. tonnellate/anno) Continente Nazione % Corretto
5 900 Oceania Australia
100%
3 900 America del Nord Canada
100%
8 900 Asia / Europa Russia
100%
10 000 Asia Indonesia
80%
3 000 Oceania Papua Nuova Guinea
80%
130 000 Africa Repubblica Democratica del Congo
80%
2 700 Asia / Europa Turchia
60%
3 800 America del Nord Cuba
40%
3 800 Asia Filippine
40%
3 000 Africa Madagascar
0%
Nessun quiz corrispondente trovato
Distribuzione punteggi
Percentuale di utenti per punteggio
Percentile per numero di risposta
I tuoi punteggi nel tempo
Non hai fatto questo quiz